Statistics for Fill In the Yo Mama Joke

Click here to take the quiz!

General Stats

  • This quiz has been taken 158 times
  • The average score is 12 of 28

Answer Stats

HintAnswer% Correct
Yo mama so ugly she made onions ___Cry
100%
Yo mama so stupid she returned a doughnut because it had a ____ in itHole
64%
Yo mama so stupid when she opened her phone it said Sprint and she started _______Running
64%
Yo mama so stupid, she made an ___________ with Dr. PepperAppointment
63%
Yo mama so old when I told her to act her age, she ____Died
63%
Your mama so fat Dora can't _______ herExplore
59%
Yo mama so short when she smokes ____ she can't even get highWeed
58%
Yo mama so stupid she tried to _____ Mountain DewClimb
55%
Yo mama so old, when she was in school there was no _______ classHistory
55%
Yo mama so fat when she sat on her iPod she invented the ____iPad
54%
Yo mama so old her _____ ___________ says expired on itBirth Certificate
53%
Yo mama so fat, she walked by the TV and I missed three ________Episodes
51%
Yo mama so ugly her ____ is rated 18+Face
49%
Yo mama so stupid when I said drinks are on the house she got a ______Ladder
49%
Yo mama so ugly, she was the reason why Waldo was ______Hiding
46%
Yo mama so stupid she stared at an orange juice container for 20 minutes because it said __________ on itConcentrate
44%
Yo mama so ugly when she went to an ugly competition they said sorry no _____________Professionals
42%
Yo mama so fat I took a picture of her last Christmas and it's still ________Printing
41%
Yo mama so fat she sat next to ________ at the moviesEveryone
37%
Yo mama so stupid she thinks a quarterback is a ______Refund
33%
Yo mama so stupid she got hit by a ______ carParked
32%
Yo mama so fat she fell off all four sides of the ___Bed
27%
Yo mama so stupid she tripped over a ________ phoneCordless
23%
Yo mama so stupid she sold her car for ___ _____Gas Money
17%
Yo mama so fat she had to go to Sea World to get ________Baptized
14%
Yo mama so stupid she told a yo mama joke at an _________Orphanage
10%
Yo mama so stupid she threw a rock at the ground and she ______Missed
7%
Yo mama so ugly she made One Direction go the ______ _________Other Other Direction
2%

Score Distribution

Percentile by Number Answered

Percent of People with Each Score

Your Score History

You have not taken this quiz